| 000 | 00782nam a2200217 a 4500 | ||
|---|---|---|---|
| 005 | 20210223130608.0 | ||
| 008 | 080821s1983 mx r 000 0 spa d | ||
| 035 | _aUPN01000159395 | ||
| 049 | _aUNE | ||
| 080 | _a372.3 (7/8) =20 HAL No.122. | ||
| 100 | 1 | _aHalpern, Robert | |
| 245 | 1 | 0 |
_aEarly childhood programmes in Latin America : _ba review of experiences and guidelines for action / _cby Robert Halpern. |
| 260 |
_aParís : _bUNESCO ; _aNew York : _bUNICEF, _c1983. |
||
| 300 | _a16 p. | ||
| 440 | 0 |
_aNotes, comments... ; _v122 |
|
| 690 | _aEducacion preescolar - Desarrollo del niño - America Latina | ||
| 690 | _aEducacion preprimaria - Primera infancia - America Latina | ||
| 710 | 2 |
_aUNICEF _924085 |
|
| 710 | 2 | _aPrograma de Alimentación Mundial | |
| 905 | _aUNESCO | ||
| 999 |
_c131509 _d131509 |
||